| 000 | 00522nam a22001577a 4500 | ||
|---|---|---|---|
| 999 |
_c535840 _d535840 |
||
| 020 | _qHard Cover. | ||
| 082 | _a612.05 | ||
| 100 | _aYasmin, Raheela | ||
| 245 |
_aRole of ATP Binding Cassette Protein ABCA1 in Decreased HDL Level in Type 2 Diabetes / _c612.05 |
||
| 260 |
_aIslamabad : _bAMC - NUST, _c2014. |
||
| 300 |
_axv, 79 p. : ill. ; _c30cm. |
||
| 942 |
_2ddc _cTHE |
||
| 650 |
_aBiochemistry M. Phil. - Thesis _930056 |
||
| 700 |
_aDr. Asifa Majeed. _930723 |
||